000 00574nam a2200229Ia 4500
003 OSt
005 20221005122804.0
006 a|||||r|||| 00| 0
007 ta
008 221004b |||||||| |||| 00| 0 kan d
024 _a59062
037 _cTextual
040 _aCRL
_cCRL
_bkan
041 _2kan
_akan
082 _aJB.213.N5, 33K9
100 _aRama swamy
_9632607
245 0 _aKarnatakada aranya vrukshagalu
260 _c1969
650 _aAGRICULTURE
942 _hJB.213.N5, 33K9
_cTEXL
_2cc
999 _c1045373
_d1045373